000 00668nam a2200289Ia 4500
005 20260324142427.0
008 008 260324s9999 xx 000 0 eng d
020 _a9781315000381
037 _aEBOOK
040 _aCRL
040 _beng
040 _cCRL
041 _2eng
041 _aeng
084 _qCRL
100 _aRoger Palin
_91211896
245 0 _aMultinational Military Forces
245 0 _bProblems and Prospects
260 _bTaylor and Francis
260 _c1995
365 _a
365 _b150
856 _uhttp://www.taylorfrancis.com/books/9781315000381
942 _cEBOOK
999 _c1816080
_d1816080